Top 10 countries with largest GDP - Statistics

General Stats
  • This quiz has been taken 103 times
  • The average score is 9 of 10
Answer Stats
Country GDP % Correct
United States of America $16,720,000,000,000
100%
China $13,390,000,000,000
99%
France $2,276,000,000,000
97%
Germany $3,227,000,000,000
97%
India $4,990,000,000,000
94%
Japan $4,729,000,000,000
93%
Russia $2,553,000,000,000
93%
United Kingdom $2,387,000,000,000
93%
Brazil $2,416,000,000,000
89%
Mexico $1,845,000,000,000
72%
No matching quizzes found
Score Distribution
Percent of People with Each Score
Percentile by Number Answered
Your Score History
You have not taken this quiz